Silhouettes: Pixar Characters Quiz Stats

Quiz Updated Dec 21, 2017

Challenge
Share
Tweet
Score 0/15 Timer 02:00
11 Plays Today
% Correct
Dory
97.7%
Bob Parr
97.5%
Rex
97.3%
Tow Mater
96.4%
Mike Wazowski
96.3%
Merida
92.9%
Chef Linguini
92.2%
Edna Mode
92%
% Correct
Flik
90.9%
Carl Fredricksen
90.8%
EVE
90.8%
Joy
89%
Jessie
87.3%
Bing Bong
87.2%
Spot
83%

You're not logged in!

Compare scores with friends on all Sporcle quizzes.
Sign Up with Email
OR
Log In

You Might Also Like...

Show Comments

Extras

Top Quizzes Today


Score Distribution

Your Account Isn't Verified!

In order to create a playlist on Sporcle, you need to verify the email address you used during registration. Go to your Sporcle Settings to finish the process.